Sun Belt College Football Teams - NO HINTS - Statistics

General Stats
  • This quiz has been taken 35 times
  • The average score is 11 of 14
Answer Stats
Team % Correct
James Madison
90%
Appalachian State
86%
Georgia Southern
86%
Georgia State
86%
Southern Miss
86%
Troy
86%
Coastal Carolina
81%
Louisiana
81%
Louisiana-Monroe
81%
Marshall
76%
Old Dominion
76%
Texas State
76%
South Alabama
71%
Arkansas State
67%
No matching quizzes found
Score Distribution
Percent of People with Each Score
Percentile by Number Answered
Your Score History
You have not taken this quiz